Základy účetnictví
Pokračovanie z č. 4/2009. Kombinácia účelového a druhového členenia nákladov. Sledovanie druhového členenia nákladov v rámci syntetických účtov so súčasným zabezpečením účelového členenia prostredníctvom účtov analytických. Dvojokruhový systém účtov.
Salvato in:
| Autore principale: | |
|---|---|
| Natura: | Capitolo di libro |
| Lingua: | ceco |
| Soggetti: | |
| Tags: |
Nessun Tag, puoi essere il primo ad aggiungerne!!
|
MARC
| LEADER | 00000naa$a2200000$$$4500 | ||
|---|---|---|---|
| 001 | 0095075 | ||
| 005 | 20230925091241.4 | ||
| 041 | 0 | |a cze | |
| 044 | |a CZ | ||
| 245 | 1 | 0 | |a Základy účetnictví |c Dana Dvořáková |
| 520 | |a Pokračovanie z č. 4/2009. Kombinácia účelového a druhového členenia nákladov. Sledovanie druhového členenia nákladov v rámci syntetických účtov so súčasným zabezpečením účelového členenia prostredníctvom účtov analytických. Dvojokruhový systém účtov. | ||
| 610 | 2 | 0 | |a účtovníctvo |
| 610 | 2 | 0 | |a účty |
| 610 | 2 | 0 | |a náklady |
| 610 | 2 | 0 | |a výkony podnikové |
| 100 | 1 | |a Dvořáková, Dana | |